| 000 | 00000cam 2200000zi 4500 |
| 001 | 9.936871 |
| 003 | CaOODSP |
| 005 | 20260504133628 |
| 006 | m o d f |
| 007 | cr mn||||||||| |
| 008 | 240416s2021 quc o f000 0 fre d |
| 040 | |aCaOODSP|bfre|erda|cCaOODSP |
| 043 | |an-cn--- |
| 045 | |ay1y2 |
| 086 | 1 |aEn4-406/2020-1F-PDF |
| 245 | 00|aRegards sur l'audit : |baudit de la gestion des subventions et des contributions dans le cadre du Fonds pour une économie à faibles émissions de carbone, Environnement et changement climatique Canada. |
| 264 | 1|a[Gatineau, Québec] : |bEnvironnement et changement climatique Canada = Environment and Climate Change Canada, |c[2021] |
| 300 | |a1 ressource en ligne (6 pages) |
| 336 | |atexte|btxt|2rdacontent/fre |
| 337 | |ainformatique|bc|2rdamedia/fre |
| 338 | |aressource en ligne|bcr|2rdacarrier/fre |
| 500 | |aPublié aussi en anglais sous le titre : At a glance : audit of the administration of the grants and contributions for the Low Carbon Economy Fund, Environment and Climate Change Canada. |
| 610 | 16|aCanada. |bEnvironnement et changement climatique Canada|xAudit. |
| 650 | 6|aGaz à effet de serre|xRéduction|zCanada|xFinances|xAudit. |
| 710 | 1 |aCanada. |bEnvironnement et changement climatique Canada. |bDirection générale de la vérification et de l'évaluation, |eorganisme de publication. |
| 775 | 08|tAt a glance : |w(CaOODSP)9.936870 |
| 856 | 40|qPDF|s198 Ko|uhttps://publications.gc.ca/collections/collection_2024/eccc/en4/En4-406-2020-1-fra.pdf |